Statistics for GLEE Trivia

Click here to take the quiz!

General Stats

  • This quiz has been taken 2,308 times
  • The average score is 11 of 15

Answer Stats

HintAnswer% Correct
Who is the coach of the cheerleading squad?Coach Sue Sylvester
96%
Who is the coach of the glee club?Will Schuester
95%
What is the ship name for Rachel and Finn?Finchel
91%
What is the name of the cheerleading team?Cheerios
88%
What was the name of Will's wife who faked her pregnancy?Terri Schuester
87%
What is the name of the city the show takes place in?Lima, Ohio
85%
What is the name of the character who is crippled?Artie Abrams
85%
Who takes over as head football coach in season 2?Shannon Beiste
83%
What kind of impedement did Tina Cohen-Chang fake from the 6th grade to thew 9th grade due to shyness?Stutter
81%
Who is the football coach in season one?Ken Tanaka
77%
Who did Emma date for much of season 2, to Will's dismay?Carl Howell
61%
What is the ship name for Quinn and Rachel?Faberry
57%
Who is the OCD counselor?Emma Pillsbury
55%
What is the name of the high school they go to?William McKinley High School
39%
Where does Santana claim she is from when she gets worked up?Lima Heights Adjacent
30%

Score Distribution

Percentile by Number Answered

Percent of People with Each Score

Your Score History

You have not taken this quiz